| 000 | 00000nam 22000008a 4500 |
| 001 | 9.862976 |
| 003 | CaOODSP |
| 005 | 20221107161150 |
| 007 | cr ||||||||||| |
| 008 | 181010s2018 quca o f000 0 fre d |
| 020 | |a9780660280691 |
| 020 | |z9780660280707 |
| 040 | |aCaOODSP|bfre |
| 043 | |an-cn-qc |
| 086 | 1 |aR64-105/39-2018F-PDF |
| 086 | 1 |zR64-105/39-2018F |
| 110 | 2 |aParcs Canada. |
| 245 | 10|aLieu historique national du Canada de la Bataille-de-la-Châteauguay |h[ressource électronique] : |bplan directeur 2018. |
| 260 | |a[Gatineau, QC] : |bParcs Canada, |cc2018. |
| 300 | |aix, 8 p. : |bill. |
| 500 | |aPubl. aussi en anglais sous le titre : Battle of the Châteauguay National Historic Site of Canada: management plan 2018. |
| 500 | |aTitre de la couv. |
| 520 | |a« La bataille de la Châteauguay s'inscrit dans le cadre du conflit armé qui a ponctué les relations canado-américaines au début du XIXe siècle et qu'on appelle couramment « la guerre de 1812 ». Le 26 octobre 1813 eut lieu un affrontement entre un corps armé américain d'environ 3 750 soldats et 500 combattants canadiens et autochtones. La victoire des Canadiens et de leurs alliés autochtones fut considérée comme un triomphe national au Bas-Canada. Le lieu historique national de la Bataille-de-la-Châteauguay commémore l'importance de ce fait d'armes et le rôle que les combattants ont joué dans la défense du Canada lors du conflit de 1812-1814 »--Résumé, p. vii. |
| 692 | 07|2gccst|aLieu historique |
| 775 | 08|tBattle of the Châteauguay, National Historic Site of Canada |w(CaOODSP)9.862973 |
| 776 | 0#|tPlan directeur du lieu historique national du Canada de la Bataille-de-la-Chateauguay |w(CaOODSP)9.862978 |
| 795 | |tLieu historique national du Canada de la Bataille-de-la-Châteauguay |w(CaOODSP)9.822519 |
| 856 | 40|qPDF|s3.43 Mo|uhttps://publications.gc.ca/collections/collection_2019/pc/R64-105-39-2018-fra.pdf |